01423nam a2200265 i 4500003000900000005001700009007000300026008004100029040003000070082001800100110003300118240001800151245019400169260004700363300002700410336002700437337003300464338002800497505043100525590002600956910001400982942001400996952013001010999001701140DO-SdBNP20250507095549.0ta250507s200u dr 001 0 spa d aDO-SdBNPbspacBNPHUerda 4axxxbR4262221 aRepública Dominicana.944710a[Leyes, etc.]10aResolución No. 1735-2005, que establece el reglamento sobre los Tribunales Colegiados de 1ra. instancia de la jurisdicción Penal :bresolución No. 1732-2005 y resolución 1731-2005 / aSanto Domingo :bEditora Espigas,c[2005]. a61 páginas ;c21 cm. atextobtxt2rdacontent asin mediaciónbn2rdamedia avolumenbnc2rdacarrier gResolución No. 1735-2005 --tReglamento sobre los Tribunales Colegiados de 1ra. Instancia de la jurisdicción Penal --gResolución No. 1732-2005 --tReglamento para la tramitación de notificaciones, citaciones y comunicaciones judiciales de la jurisdicción penal --gResolución No. 1731-2005 --tReglamento sobre medidas de coerción y celebración de audiencias durante la etapa preparatoria al amparo del CPP -- aInventariado,2025/ YL aYLockward 2ddccLBS1 00102ddc51708PDaBNPHUbBNPHUcCTd2021-03-24eDonación l0oBNPHU PD xxx R426p2025-3998r2025-05-07w2025-05-07yLBS1 c58948d58948